| 000 | 00619cam a22001814a 4500 | ||
|---|---|---|---|
| 005 | 20250605164233.0 | ||
| 008 | 250528s ||||||||||||||||||||||||d | ||
| 035 | _a21036 | ||
| 020 | _a9789607401090 | ||
| 040 |
_aGR-AtMCL _bgre _dGR-AtMCL _eAACR2 |
||
| 245 | 1 | _aΠροσεγγίσεις Ελληνικότητας: Γενιές του '80 και του '90 / Approaching the Greek Identity: Generations of the 80s and the 90s | |
| 260 |
_bΠινακοθήκη Δήμου Αθηναίων, _c1999 |
||
| 300 | _a112 | ||
| 700 | 1 |
_aMunicipal Gallery Of Athens _97056 |
|
| 942 | _cBK | ||
| 999 |
_c6108 _d6108 |
||